| 000 | 00568nam a22001697a 4500 | ||
|---|---|---|---|
| 005 | 20240923112908.0 | ||
| 010 | _aENG-141422 | ||
| 020 |
_a9788194599586 _c795.00 |
||
| 035 | _aEN-124954 | ||
| 037 | _bDBAD/PUB | ||
| 082 |
_a398.03 _21 |
||
| 245 |
_aThe Dynamics of Folklore and Orature in Culture/ _cedited by Pallavi Mishra |
||
| 260 |
_aCuttack _bVishvanatha Kaviraja Institute _c2020 |
||
| 270 |
_aHIG A-42,Sector-7,CDA _e753014 _bCuttack,India _k06712361010 _mjclaindia@gmail.com |
||
| 300 |
_a160p. _c22CM (pbk) |
||
| 942 |
_2ddc _cEN _mDYN _h398.03 |
||
| 999 |
_c205267 _d205267 |
||